Citizens in conflict: the sociology of town planning (Record no. 37458)

MARC details
000 -LEADER
fixed length control field 00629nam a2200169 a 4500
008 - FIXED-LENGTH DATA ELEMENTS--GENERAL INFORMATION
fixed length control field 120416s1974 ||||||||||||||||| || u
020 ## - INTERNATIONAL STANDARD BOOK NUMBER
International Standard Book Number 0091196515
050 ## - LIBRARY OF CONGRESS CALL NUMBER
Classification number HT 169.G7 Sim
100 ## - MAIN ENTRY--PERSONAL NAME
Personal name Simmie, J. M
245 10 - TITLE STATEMENT
Title Citizens in conflict: the sociology of town planning
260 ## - PUBLICATION, DISTRIBUTION, ETC.
Place of publication, distribution, etc. London:
Name of publisher, distributor, etc. Hutchinson
Date of publication, distribution, etc. 1974
300 ## - PHYSICAL DESCRIPTION
Extent xii, 239p. : ill
350 ## - PRICE (NR) (BK AM CF MU VM SE) [OBSOLETE]
Price 0.00
650 ## - SUBJECT ADDED ENTRY--TOPICAL TERM
Topical term or geographic name entry element CITY PLANNING--GREAT BRITAIN--HISTORY
650 ## - SUBJECT ADDED ENTRY--TOPICAL TERM
Topical term or geographic name entry element GREAT BRITAIN--SOCIAL CONDITIONS-1945
995 ## - RECOMMENDATION 995 [LOCAL, UNIMARC FRANCE]
-- 0.00
-- CBU-MAIN LIBRARY (Kitwe)
-- 1
-- 3.95
-- AVAILABLE
-- Main Library Open Access Collection
Holdings
Withdrawn status Lost status Source of classification or shelving scheme Damaged status Not for loan Home library Current library Shelving location Date acquired Total Checkouts Full call number Barcode Date last seen Price effective from Koha item type
          CBU-MAIN LIBRARY, KITWE. CBU-MAIN LIBRARY, KITWE.   11/30/2022   HT 169.G7 Sim 009462 11/30/2022 11/30/2022 MONOGRAPH